000 00497nam a2200169 a 4500
001 3076
005 20140414131848.0
008 060201s19uu xx 00 eng d
050 _aM 400
_bD54 Bk1
100 _aWarshawsky, Diane
245 _aDisney's world of English, B. 1 :
_bbasic abc's + /
_cDiane Warshawsky.
260 _aHong Kong :
_bAdventures in Learning.
300 _a54 p. : ill. ; cm.
440 _aDisney's
650 _aEnglish language
_xStudy and teaching.
999 _c110038
_d110038